000 00756nam a2200205Ia 4500
003 GCL
008 140319s9999 xx 000 0 ara d
040 _aGCL /
_cGCL
082 0 4 _a811.5
_bس ش
100 1 _aمصطفى السقا
245 1 0 _aشرح المشكل من شعر المتنبى /
_cمصطفى السقا
700 1 _aابن سيده : ابوالحسن على بن اسماعيل الاندلسى
700 1 _aحامد عبدالمجيد
300 _a378 ص
490 _aالهيئة العامة للاستعلامات
_v0
650 0 4 _aالشعر العربى - تاريخ ونقد
650 0 4 _aالمتنبى, ابو الطيب
650 0 4 _aالشعر العربى - العصر العباسى الثانى
942 _2ddc
_cBK
999 _c51758
_d51758